| 000 | 00335nam a2200133Ia 4500 | ||
|---|---|---|---|
| 008 | 150201s2004 xx 000 0 und d | ||
| 082 |
_a616.07 _bD04M |
||
| 100 | _aMILLS STACEY E | ||
| 245 | _aSTERNBERG'S DIAGNOSTICS SURGICAL PATHOLOGY | ||
| 250 | _a5TH | ||
| 260 |
_bWOLTERKULWER _aDELHI _c2004 |
||
| 650 | _aPATHOLOGY | ||
| 942 |
_2ddc _cBK |
||
| 999 |
_c789 _d789 |
||